[Event "Col Ch "]
[Site "Ibague "]
[Date "2013.07.02"]
[Round "3.5"]
[White "Herrera, Juan Sebastian"]
[Black "Torres, Juan Camilo"]
[Result "0-1"]
[WhiteElo "2205"]
[BlackElo "2341"]
[PlyCount "136"]
[EventDate "2013.07.01"]
[EventType "swiss"]
[EventRounds "11"]
[EventCountry "COL"]
[SourceDate "2005.09.12"]
[WhiteClock "0:09:31"]
[BlackClock "0:03:59"]

1. e4 c5 2. Nf3 e6 3. d4 cxd4 4. Nxd4 a6 5. Nc3 Qc7 6. Be2 Nf6 7. O-O Be7 8.
Kh1 d6 9. f4 Nc6 10. Be3 O-O 11. Qe1 Nxd4 12. Bxd4 e5 13. fxe5 dxe5 14. Qg3 Bd6
15. Be3 Ne8 16. Rf2 Be6 17. Bd3 Bc5 18. Nd5 Bxd5 19. exd5 Nd6 20. Re2 Bxe3 21.
Rxe3 f6 22. Qh4 g6 23. Rf1 Qe7 24. Rh3 Qg7 25. Qb4 Qc7 26. Re3 Rae8 27. Be2 f5
28. c4 a5 29. Qc3 Qc5 30. Qa3 b6 31. Rb3 Rb8 32. Re3 e4 33. Qc3 Rbe8 34. a3 a4
35. Rh3 e3 36. Kg1 Re4 37. Rc1 f4 38. b4 axb3 39. Qxb3 b5 40. Rb1 bxc4 41. Qb6
Qxb6 42. Rxb6 c3 43. Rc6 Rc8 44. Rf3 Rd4 45. Rf1 c2 46. Rc1 Rxc6 47. dxc6 Rd2
48. Kf1 Kf8 49. a4 Ke7 50. a5 Nc8 51. Ke1 Kd6 52. Bf3 Na7 53. c7 Kxc7 54. Be4
Nc6 55. a6 Kb6 56. Ra1 Na7 57. h4 h6 58. Rc1 g5 59. hxg5 hxg5 60. Rxc2 Rxc2 61.
Bxc2 Kxa6 62. Ke2 Nc6 63. Be4 Ne5 64. Ba8 Kb5 65. g3 Kc4 66. Bb7 Kd4 67. gxf4
gxf4 68. Ba8 f3+ 0-1

[Event "Col Ch "]
[Site "Ibague "]
[Date "2013.07.02"]
[Round "3.6"]
[White "Mendoza, Rafael"]
[Black "Munoz, Julian Andres"]
[Result "1/2-1/2"]
[WhiteElo "2334"]
[BlackElo "2207"]
[PlyCount "99"]
[EventDate "2013.07.01"]
[EventType "swiss"]
[EventRounds "11"]
[EventCountry "COL"]
[SourceDate "2005.09.12"]
[WhiteClock "1:37:39"]
[BlackClock "0:45:57"]

1. e4 c5 2. Nf3 Nc6 3. Bb5 g6 4. O-O Bg7 5. Bxc6 dxc6 6. d3 Nf6 7. Nc3 O-O 8.
h3 Qc7 9. Be3 b6 10. Qd2 e5 11. Bh6 Be6 12. a4 a5 13. b3 Rad8 14. Qg5 Nd7 15.
Bxg7 Kxg7 16. Qg3 f6 17. Nd2 Rf7 18. Ne2 Nf8 19. f4 exf4 20. Nxf4 Qe7 21. Rae1
Kh8 22. e5 f5 23. Nf3 Rg7 24. Ng5 Qe8 25. Qh4 Rd4 26. Qh6 b5 27. h4 bxa4 28.
bxa4 Rxa4 29. h5 Rxf4 30. Rxf4 c4 31. Nxe6 Nxe6 32. Rxc4 c5 33. Rf1 f4 34.
Rcxf4 Nxf4 35. Qxf4 gxh5 36. Qf8+ Qxf8 37. Rxf8+ Rg8 38. Rf1 Ra8 39. Ra1 Kg8
40. Kf2 Kf7 41. Ke3 Ke6 42. Ke4 a4 43. c3 Rg8 44. d4 Rg4+ 45. Kd3 cxd4 46. cxd4
Kd5 47. Rxa4 Rg3+ 48. Ke2 Rxg2+ 49. Kf3 Rg6 50. Ra7 1/2-1/2

[Event "Col Ch "]
[Site "Ibague "]
[Date "2013.07.02"]
[Round "3.7"]
[White "Blandon Villa, Diego F"]
[Black "Ruiz C, Joshua D"]
[Result "0-1"]
[WhiteElo "2196"]
[BlackElo "2409"]
[PlyCount "166"]
[EventDate "2013.07.01"]
[EventType "swiss"]
[EventRounds "11"]
[EventCountry "COL"]
[SourceDate "2005.09.12"]

1. c4 c5 2. Nc3 Nf6 3. Nf3 Nc6 4. d4 cxd4 5. Nxd4 g6 6. e4 d6 7. Be2 Bg7 8. Be3
O-O 9. O-O Bd7 10. Rc1 a5 11. Qd2 a4 12. Rfd1 Nxd4 13. Bxd4 Bc6 14. f3 Nd7 15.
Be3 Nc5 16. Rc2 Qa5 17. Rb1 Rfc8 18. Bf1 h5 19. b4 axb3 20. axb3 Qb4 21. Nd5
Qxd2 22. Bxd2 Bxd5 23. exd5 Ra3 24. b4 Bd4+ 25. Kh1 Nd3 26. Bxd3 Rxd3 27. Rbc1
b5 28. cxb5 Rxc2 29. Rxc2 Bb6 30. g3 Rxf3 31. Bc1 Rf5 32. Rc6 Rxd5 33. Rxb6
Rd1+ 34. Kg2 Rxc1 35. Rc6 Rb1 36. Rc4 d5 37. Rd4 e5 38. Rxd5 f6 39. Rd7 Rxb4
40. Rb7 Rb2+ 41. Kg1 h4 42. gxh4 f5 43. b6 e4 44. Rb8+ Kf7 45. b7 e3 46. Kf1
Kg7 47. Re8 Rxb7 48. Rxe3 Rb2 49. Kg1 Kh6 50. Rg3 Rb4 51. Kg2 Rxh4 52. h3 Ra4
53. Rb3 g5 54. Rb8 Ra2+ 55. Kf3 Ra3+ 56. Kg2 f4 57. Rh8+ Kg7 58. Rh5 Kg6 59.
Rh8 Rg3+ 60. Kf2 Kf6 61. Ke2 Kf7 62. Kf2 Kg6 63. Ke2 Re3+ 64. Kf2 Kf6 65. Kg2
Ke5 66. Kf2 Rb3 67. Re8+ Kf6 68. Rh8 Kg7 69. Rh5 Kg6 70. Rh8 Rb7 71. Kf3 Rb2
72. h4 Rb3+ 73. Ke4 Re3+ 74. Kd4 gxh4 75. Rxh4 Kg5 76. Rh1 Kg4 77. Rf1 Kg3 78.
Rh1 Re8 79. Kd3 f3 80. Rh7 Rg8 81. Ke3 f2 82. Rf7 Re8+ 83. Kd2 Re1 0-1

[Event "Col Ch "]
[Site "Ibague "]
[Date "2013.07.02"]
[Round "3.8"]
[White "Barros, Raul Junior"]
[Black "Zuluaga, Cesar"]
[Result "0-1"]
[WhiteElo "2180"]
[BlackElo "2402"]
[PlyCount "91"]
[EventDate "2013.07.01"]
[EventType "swiss"]
[EventRounds "11"]
[EventCountry "COL"]
[SourceDate "2005.09.12"]
[WhiteClock "0:28:43"]
[BlackClock "0:40:22"]

1. e4 c5 2. Nf3 e6 3. d4 cxd4 4. Nxd4 a6 5. f4 d6 6. Bd3 Nf6 7. Qe2 Qc7 8. a4
Nbd7 9. Nc3 g6 10. Be3 Bg7 11. O-O b6 12. Kh1 Bb7 13. Rae1 O-O 14. Nf3 Rfc8 15.
Bd2 Nc5 16. e5 Nfd7 17. exd6 Qxd6 18. Bc4 Qc6 19. b3 Nxa4 20. Nxa4 b5 21. Bd3
bxa4 22. bxa4 Qxa4 23. Ng5 Bd5 24. Qg4 Nf6 25. Qg3 Qc6 26. Nf3 Ne4 27. Bxe4
Bxe4 28. Ne5 Qxc2 29. Qe3 Bd5 30. Rf2 Qf5 31. Bc3 Rab8 32. Kg1 h5 33. Bd4 Rb3
34. Qd2 f6 35. Nd7 Rd3 36. Qb2 e5 37. fxe5 Qxd7 38. exf6 Bf8 39. Qb1 Bc4 40.
Ba1 Bf7 41. Rfe2 Qb5 42. Rb2 Qc5+ 43. Kh1 Rcd8 44. Rbe2 Rb3 45. Bb2 Rdb8 46.
Qd1 0-1

[Event "Col Ch "]
[Site "Ibague "]
[Date "2013.07.02"]
[Round "3.9"]
[White "Almanza, Rafael Andres"]
[Black "Rios Parra, Alejandro"]
[Result "1/2-1/2"]
[WhiteElo "2186"]
[BlackElo "2344"]
[PlyCount "153"]
[EventDate "2013.07.01"]
[EventType "swiss"]
[EventRounds "11"]
[EventCountry "COL"]
[SourceDate "2005.09.12"]

1. e4 c6 2. Nc3 d5 3. d4 dxe4 4. Nxe4 Nf6 5. Nxf6+ gxf6 6. Bc4 Bf5 7. c3 e6 8.
Ne2 Bd6 9. Bf4 Qc7 10. Qd2 Nd7 11. Bxd6 Qxd6 12. Ng3 Bg6 13. f4 f5 14. O-O-O
O-O-O 15. Kb1 Nf6 16. Rhf1 Rhg8 17. Qe3 h5 18. Ne2 h4 19. Nc1 Ne4 20. Be2 Rg7
21. Nd3 Rh8 22. Bf3 Bh5 23. Rg1 h3 24. g3 Bxf3 25. Qxf3 Qd5 26. Qe3 Rgg8 27.
Rge1 Nd6 28. Re2 Ne4 29. Ree1 Nd6 30. Re2 Qb5 31. Ne5 Re8 32. b3 f6 33. c4 Qa5
34. Nf3 Ne4 35. Kb2 Re7 36. Nd2 Nxd2 37. Rdxd2 Rhh7 38. Qd3 Qd8 39. Qc3 Kb8 40.
Re1 Re8 41. Rde2 Rhe7 42. Kc2 Qd6 43. b4 b5 44. a4 bxa4 45. Ra1 Rd8 46. Rd2
Red7 47. Rxa4 e5 48. fxe5 fxe5 49. d5 cxd5 50. Rxd5 Qxd5 51. cxd5 Rc8 52. Ra5
Rxc3+ 53. Kxc3 f4 54. gxf4 exf4 55. Kd4 Rf7 56. Ra2 f3 57. Rf2 Kc7 58. Ra2 Kb6
59. Ke3 Kb5 60. Rd2 Kxb4 61. d6 Rd7 62. Kxf3 Kc5 63. Kg4 Rxd6 64. Ra2 a6 65.
Kxh3 Kb4 66. Kg4 a5 67. h4 a4 68. h5 Kb3 69. Rh2 a3 70. h6 a2 71. Rxa2 Kxa2 72.
Kg5 Kb3 73. h7 Rd8 74. Kg6 Kc4 75. Kg7 Kd5 76. h8=Q Rxh8 77. Kxh8 1/2-1/2

[Event "Col Ch "]
[Site "Ibague "]
[Date "2013.07.02"]
[Round "3.10"]
[White "Otero, Daniel"]
[Black "Lopez Hernandez, Carlos Manuel"]
[Result "1/2-1/2"]
[WhiteElo "2135"]
[BlackElo "2320"]
[PlyCount "121"]
[EventDate "2013.07.01"]
[EventType "swiss"]
[EventRounds "11"]
[EventCountry "COL"]
[SourceDate "2005.09.12"]
[WhiteClock "0:20:21"]
[BlackClock "0:17:44"]

1. e4 c5 2. d4 cxd4 3. c3 Nf6 4. e5 Nd5 5. Qxd4 e6 6. Nf3 Nc6 7. Qe4 f5 8. exf6
Nxf6 9. Qh4 e5 10. Be3 d5 11. Bb5 Bd6 12. Nbd2 O-O 13. Nb3 Qe7 14. Nfd2 Ng4 15.
Qxe7 Nxe7 16. O-O a6 17. Be2 Nxe3 18. fxe3 Bf5 19. c4 Be6 20. Rfd1 Rad8 21.
cxd5 Bxd5 22. Bc4 Bc7 23. Nc5 Bb6 24. b4 Rc8 25. Bxd5+ Nxd5 26. Nc4 Bxc5 27.
Rxd5 Bxb4 28. Nxe5 Rc2 29. Nf3 Bc5 30. Nd4 Bxd4 31. exd4 h6 32. Rf1 Rxf1+ 33.
Kxf1 Rxa2 34. Rd8+ Kh7 35. Rb8 Rd2 36. Rxb7 Rxd4 37. Ra7 Ra4 38. h3 Ra2 39. Kg1
h5 40. h4 Kg6 41. Kh2 Kf6 42. Rc7 Re2 43. Ra7 Re6 44. Kg3 Kf5 45. Kf3 g6 46.
Rc7 a5 47. Rf7+ Rf6 48. Ra7 Ke6+ 49. Ke4 Rf5 50. Ra6+ Kf7 51. Ra7+ Ke8 52. Ra6
Rb5 53. Rxg6 Rb4+ 54. Kf3 Rxh4 55. Rg5 a4 56. Ra5 Kd7 57. g3 Rb4 58. Rxh5 Kc6
59. Ra5 Kb6 60. Ra8 Kb7 61. Ra5 1/2-1/2

[Event "Col Ch "]
[Site "Ibague "]
[Date "2013.07.02"]
[Round "3.11"]
[White "Tovio, Israel"]
[Black "Castaneda, Jhon David"]
[Result "1/2-1/2"]
[WhiteElo "2291"]
[BlackElo "2123"]
[PlyCount "73"]
[EventDate "2013.07.01"]
[EventType "swiss"]
[EventRounds "11"]
[EventCountry "COL"]
[SourceDate "2005.09.12"]

1. e4 e5 2. Nf3 Nc6 3. d4 exd4 4. Nxd4 Bc5 5. Nb3 Bb6 6. Nc3 Nf6 7. Qe2 d6 8.
Be3 Be6 9. O-O-O Qe7 10. f3 O-O-O 11. Bxb6 axb6 12. Nd4 Bd7 13. Qf2 Qe5 14.
Ndb5 Be6 15. Qd2 g5 16. g3 d5 17. f4 gxf4 18. gxf4 Qh5 19. Be2 Qh4 20. e5 d4
21. exf6 dxc3 22. Qxc3 Qxf4+ 23. Kb1 Rxd1+ 24. Rxd1 Rd8 25. Bd3 Qxh2 26. Re1
Qh4 27. b3 Qh5 28. a4 h6 29. Be4 Qc5 30. Qg3 Nd4 31. Nxd4 Qxd4 32. Qf3 c6 33.
Bf5 Bxf5 34. Qxf5+ Qd7 35. Qf4 Re8 36. Rxe8+ Qxe8 37. Qxh6 1/2-1/2

[Event "Col Ch "]
[Site "Ibague "]
[Date "2013.07.02"]
[Round "3.12"]
[White "Rengifo, Jose Ignacio"]
[Black "Mateus, Alejandro"]
[Result "1-0"]
[WhiteElo "2133"]
[BlackElo "2289"]
[PlyCount "105"]
[EventDate "2013.07.01"]
[EventType "swiss"]
[EventRounds "11"]
[EventCountry "COL"]
[SourceDate "2005.09.12"]
[WhiteClock "0:18:20"]
[BlackClock "0:09:57"]

1. Nf3 Nf6 2. c4 c6 3. b3 g6 4. Bb2 Bg7 5. g3 O-O 6. Bg2 d5 7. O-O Re8 8. h3
Nbd7 9. Nc3 a6 10. a4 e5 11. d3 e4 12. dxe4 Nxe4 13. Rc1 dxc4 14. Nxe4 Bxb2 15.
Rxc4 Ne5 16. Rc2 Nxf3+ 17. exf3 Qxd1 18. Rxd1 Bg7 19. Rcd2 Be6 20. Nc5 Bd5 21.
f4 Bf8 22. Nd7 Bg7 23. Bxd5 cxd5 24. Nb6 Rad8 25. Rxd5 Rxd5 26. Rxd5 Bf8 27.
Kf1 Kg7 28. Rd7 Re4 29. Nc4 Re7 30. Rd8 Rc7 31. a5 Bb4 32. Ke2 h5 33. g4 hxg4
34. hxg4 Kf6 35. Kf3 Ke6 36. g5 Rc5 37. Rd6+ Ke7 38. Rf6 Bc3 39. Rb6 Rc7 40.
Ke4 Be1 41. f3 Bf2 42. Rf6 Rd7 43. Ne3 Rd2 44. Nd5+ Kf8 45. Rd6 Rd4+ 46. Ke5
Rd3 47. b4 Rxf3 48. Rd8+ Kg7 49. Rb8 Rd3 50. Nf6 Bd4+ 51. Ke4 Bxf6 52. gxf6+
Kxf6 53. Kxd3 1-0

[Event "Col Ch "]
[Site "Ibague "]
[Date "2013.07.02"]
[Round "3.13"]
[White "Agudelo, Antonio"]
[Black "Otalora, Carlos Eduardo"]
[Result "1/2-1/2"]
[WhiteElo "2275"]
[BlackElo "2114"]
[PlyCount "57"]
[EventDate "2013.07.01"]
[EventType "swiss"]
[EventRounds "11"]
[EventCountry "COL"]
[SourceDate "2005.09.12"]

1. Nf3 Nf6 2. g3 g6 3. b3 Bg7 4. Bb2 O-O 5. Bg2 c5 6. c4 Nc6 7. O-O d6 8. d4
cxd4 9. Nxd4 Bd7 10. Nc3 a6 11. e3 Rc8 12. Qe2 Qc7 13. Nc2 Rfd8 14. h3 e6 15.
Rad1 Ne7 16. e4 b5 17. Ne3 Qb8 18. Qd2 Bc6 19. cxb5 axb5 20. Ng4 Nxg4 21. hxg4
b4 22. Ne2 Bxb2 23. Qxb2 Bb5 24. Rfe1 Bxe2 25. Rxe2 e5 26. Red2 Nc6 27. Bf1 Nd4
28. Rxd4 exd4 29. Qxd4 1/2-1/2

[Event "Col Ch "]
[Site "Ibague "]
[Date "2013.07.02"]
[Round "3.14"]
[White "Hernandez, Cristian Andres"]
[Black "Uribe Arteaga, Daniel"]
[Result "1/2-1/2"]
[WhiteElo "2113"]
[BlackElo "2274"]
[PlyCount "85"]
[EventDate "2013.07.01"]
[EventType "swiss"]
[EventRounds "11"]
[EventCountry "COL"]
[SourceDate "2005.09.12"]

1. e4 g6 2. d4 Bg7 3. Nc3 c6 4. Bc4 d6 5. Qf3 e6 6. Nge2 b5 7. Bb3 a5 8. a3 Ba6
9. Be3 d5 10. Nf4 Ne7 11. h4 h6 12. g4 Nd7 13. Rd1 O-O 14. Nce2 dxe4 15. Qxe4
Nf6 16. Qf3 Nfd5 17. c3 Bb7 18. Nd3 c5 19. Nxc5 Bc6 20. Bc1 Nxc3 21. Qxc3 Bxh1
22. g5 Bd5 23. gxh6 Bf6 24. Bg5 Bxb3 25. Qxb3 Nd5 26. Ne4 Bxg5 27. hxg5 Rc8 28.
Qg3 Qc7 29. Qxc7 Rxc7 30. N2c3 Nf4 31. Kd2 b4 32. axb4 axb4 33. Nf6+ Kh8 34.
Nce4 Rd8 35. Ke3 Nd5+ 36. Nxd5 Rxd5 37. Ra1 Rd8 38. Nf6 Rdc8 39. b3 Rc3+ 40.
Ke4 Rb8 41. Ra7 Rf8 42. Nd7 Rfc8 43. Nf6 1/2-1/2

[Event "Col Ch "]
[Site "Ibague "]
[Date "2013.07.02"]
[Round "3.15"]
[White "Cespedes, Cesar Ivan"]
[Black "Garavito, Miguel Angel"]
[Result "0-1"]
[WhiteElo "2111"]
[BlackElo "2263"]
[PlyCount "90"]
[EventDate "2013.07.01"]
[EventType "swiss"]
[EventRounds "11"]
[EventCountry "COL"]
[SourceDate "2005.09.12"]

1. e4 g6 2. d4 Bg7 3. Nf3 d6 4. c4 Nf6 5. Nc3 O-O 6. h3 e5 7. d5 a5 8. Be3 Na6
9. Bd3 Nh5 10. Qd2 Nb4 11. Bb1 f5 12. a3 Na6 13. Qd1 Nf4 14. Kf1 Nc5 15. exf5
gxf5 16. g3 Ng6 17. h4 e4 18. Ng5 h6 19. Nh3 Ne5 20. Nf4 Nxc4 21. Bxc5 dxc5 22.
Ba2 Nxb2 23. Qc2 Nd3 24. Nxd3 exd3 25. Qxd3 Kh8 26. f4 b5 27. Rd1 c4 28. Qf3 b4
29. Ne2 b3 30. Bb1 Bb7 31. g4 c6 32. Ng3 cxd5 33. Nxf5 Rxf5 34. Bxf5 c3 35. Rh2
Qb6 36. Bd3 d4 37. Qe2 Rc8 38. Rb1 a4 39. g5 Qd6 40. Re1 Rf8 41. Rf2 Qc6 42.
Qh5 c2 43. gxh6 Qh1+ 44. Ke2 Qxe1+ 45. Kxe1 c1=Q+ 0-1

[Event "Col Ch "]
[Site "Ibague "]
[Date "2013.07.02"]
[Round "3.16"]
[White "Beltran, Carlos Armando"]
[Black "Diaz Arboleda, Daniel"]
[Result "0-1"]
[WhiteElo "2237"]
[BlackElo "2110"]
[PlyCount "98"]
[EventDate "2013.07.01"]
[EventType "swiss"]
[EventRounds "11"]
[EventCountry "COL"]
[SourceDate "2005.09.12"]

1. Nf3 Nf6 2. b3 g6 3. Bb2 Bg7 4. g3 O-O 5. Bg2 d5 6. O-O c5 7. d3 Nc6 8. Nbd2
d4 9. a4 e5 10. Nc4 Re8 11. e4 dxe3 12. Nxe3 Qc7 13. Ng5 h6 14. Ne4 Nxe4 15.
dxe4 Be6 16. c3 Ne7 17. Qc2 f5 18. Rfd1 f4 19. Nd5 Bxd5 20. exd5 Qd6 21. Be4
Rf8 22. b4 cxb4 23. cxb4 Rac8 24. Qd3 Nf5 25. b5 Qd7 26. Kh1 Nd4 27. Rac1 fxg3
28. fxg3 Rf2 29. Rxc8+ Qxc8 30. Bxd4 exd4 31. Kg1 Ra2 32. Qb3 Re2 33. d6+ Kh8
34. Qd5 Qh3 35. Bg2 Qd7 36. Rc1 Re6 37. Rc7 Qxd6 38. Qxb7 d3 39. Bf3 d2 40. Kg2
Qe5 41. Rxg7 Qxg7 42. Qc8+ Qg8 43. Qc3+ Kh7 44. Qxd2 Qe8 45. h4 h5 46. Qd5 Qe7
47. a5 Rd6 48. Qe4 Rd2+ 49. Kf1 Qc5 0-1

[Event "Col Ch "]
[Site "Ibague "]
[Date "2013.07.02"]
[Round "3.17"]
[White "Lozano, Nestor Favian"]
[Black "Pardo, Alejandro"]
[Result "1/2-1/2"]
[WhiteElo "2110"]
[BlackElo "2232"]
[PlyCount "115"]
[EventDate "2013.07.01"]
[EventType "swiss"]
[EventRounds "11"]
[EventCountry "COL"]
[SourceDate "2005.09.12"]

1. c4 Nf6 2. g3 g6 3. Bg2 Bg7 4. Nc3 O-O 5. e4 d6 6. Nge2 e5 7. O-O Be6 8. d3
Qd7 9. Nd5 Ne8 10. Be3 c6 11. Ndc3 Nf6 12. b3 d5 13. exd5 cxd5 14. Bg5 d4 15.
Bxf6 Bxf6 16. Ne4 Be7 17. Qd2 Nc6 18. a3 Kg7 19. b4 h6 20. b5 Nd8 21. f4 f6 22.
fxe5 fxe5 23. a4 Rc8 24. Rxf8 Bxf8 25. Nc1 Nf7 26. Nb3 Be7 27. Qe1 Qc7 28. Nbd2
Ng5 29. Nf2 Bb4 30. h4 Nf7 31. Qe2 Re8 32. Nde4 Nd6 33. Nxd6 Bxd6 34. Ne4 Be7
35. Rf1 Rf8 36. Rxf8 Bxf8 37. Qf3 Be7 38. Nf2 b6 39. Bh3 e4 40. Nxe4 Bxh3 41.
g4 Bxg4 42. Qxg4 h5 43. Qe6 Bxh4 44. Nd6 Qe7 45. Qxe7+ Bxe7 46. Nc8 Kf7 47.
Nxa7 Bc5 48. Kg2 g5 49. Nc6 Ke8 50. a5 bxa5 51. Nxa5 g4 52. Nb3 Ba7 53. c5 h4
54. b6 Bb8 55. Nxd4 h3+ 56. Kg1 Bf4 57. Nf5 g3 58. Nxg3 1/2-1/2

[Event "Col Ch "]
[Site "Ibague "]
[Date "2013.07.02"]
[Round "3.18"]
[White "Posada, Juan Manuel"]
[Black "Ruge, Edison"]
[Result "0-1"]
[WhiteElo "2101"]
[BlackElo "2231"]
[PlyCount "118"]
[EventDate "2013.07.01"]
[EventType "swiss"]
[EventRounds "11"]
[EventCountry "COL"]
[SourceDate "2005.09.12"]

1. e4 d5 2. exd5 Qxd5 3. Nc3 Qd6 4. d4 Nf6 5. Nf3 c6 6. h3 g6 7. Bc4 Be6 8. Bd3
Bg7 9. O-O O-O 10. Ne2 Nh5 11. c3 Bd5 12. Ng5 b5 13. Ne4 Qc7 14. N2g3 Nf4 15.
Bxf4 Qxf4 16. Re1 Nd7 17. a4 a6 18. b3 f5 19. Nd2 e5 20. c4 bxc4 21. bxc4 Bf7
22. Ne2 Qh6 23. dxe5 Nxe5 24. Ra3 Rad8 25. Qc2 Bf6 26. Nf1 Qh4 27. Rc1 Be7 28.
Rb3 Bc5 29. Neg3 Nxd3 30. Rxd3 Rxd3 31. Qxd3 Bxf2+ 32. Kh2 Qf4 33. Rc2 h5 34.
Qf3 Qxf3 35. gxf3 Bc5 36. Ne2 Rb8 37. a5 Rb3 38. Nd2 Ra3 39. Nc1 Rxa5 40. Ncb3
Bd6+ 41. Kg2 Ra3 42. Nd4 c5 43. Ne2 a5 44. Nc3 Ra1 45. Nb3 Ra3 46. Nd2 Be5 47.
Nb5 Rd3 48. Kf2 Bf4 49. Nf1 Rd1 50. Ne3 Rd3 51. Nf1 a4 52. Nc3 a3 53. Ne2 Be5
54. Ne3 Bb2 55. Nc1 Rd8 56. Na2 f4 57. Nf1 Rd4 58. Nd2 Rxd2+ 59. Rxd2 Bxc4 0-1

[Event "Col Ch "]
[Site "Ibague "]
[Date "2013.07.02"]
[Round "3.19"]
[White "Lopez Idarraga, Daniel Eduardo"]
[Black "Valle, Efrain"]
[Result "0-1"]
[WhiteElo "2053"]
[BlackElo "2229"]
[PlyCount "122"]
[EventDate "2013.07.01"]
[EventType "swiss"]
[EventRounds "11"]
[EventCountry "COL"]
[SourceDate "2005.09.12"]

1. Nf3 Nf6 2. b3 c5 3. Bb2 Nc6 4. c4 d5 5. e3 Bf5 6. cxd5 Nxd5 7. Bb5 Qb6 8.
Na3 a6 9. Bxc6+ Qxc6 10. O-O Nb4 11. Ne5 Qc7 12. Qf3 e6 13. Rfc1 f6 14. e4 Bg6
15. Nxg6 hxg6 16. g3 Qd7 17. Nc4 Rd8 18. e5 b5 19. a3 Nd5 20. Ne3 f5 21. d4
cxd4 22. Bxd4 g5 23. Bc5 g4 24. Qe2 Nxe3 25. Qxe3 Qd2 26. Qxd2 Rxd2 27. Bxf8
Rxf8 28. Rc6 Kf7 29. Rac1 Re2 30. Rxa6 Rxe5 31. Rc7+ Kf6 32. Raa7 Re1+ 33. Kg2
Rd8 34. Rf7+ Ke5 35. Rfd7 Rxd7 36. Rxd7 Rb1 37. Rxg7 Rxb3 38. Rb7 Kd6 39. h3
gxh3+ 40. Kxh3 Kc6 41. Re7 Kd6 42. Rb7 Kc6 43. Re7 Kd5 44. Rb7 Kc4 45. Rc7+ Kd3
46. Re7 Rxa3 47. Rxe6 b4 48. Re5 b3 49. Rxf5 Kc4 50. Rf3 Ra1 51. Rf4+ Kc3 52.
Rf3+ Kc2 53. Re3 b2 54. Re2+ Kc3 55. Rxb2 Kxb2 56. f4 Kc3 57. Kg4 Rg1 58. f5
Kd4 59. Kf4 Rf1+ 60. Kg5 Ke5 61. g4 Rf4 0-1

[Event "Col Ch "]
[Site "Ibague "]
[Date "2013.07.02"]
[Round "3.20"]
[White "Otero, Alvaro Junior"]
[Black "Dominguez, Ramiro"]
[Result "1/2-1/2"]
[WhiteElo "2018"]
[BlackElo "2225"]
[PlyCount "53"]
[EventDate "2013.07.01"]
[EventType "swiss"]
[EventRounds "11"]
[EventCountry "COL"]
[SourceDate "2005.09.12"]

1. e4 e5 2. Bc4 Nc6 3. Nf3 Nf6 4. d3 Be7 5. O-O d6 6. h3 O-O 7. Nc3 Na5 8. Bb3
Nxb3 9. axb3 h6 10. d4 exd4 11. Qxd4 c5 12. Qd3 Be6 13. Rd1 a6 14. Bf4 Qb6 15.
Nd2 Rfe8 16. Nc4 Bxc4 17. Qxc4 Qc6 18. f3 b5 19. Qd3 c4 20. Qd4 cxb3 21. cxb3
Qc5 22. Kh1 Nh5 23. Bxd6 Bxd6 24. Qxd6 Qf2 25. Qd4 Ng3+ 26. Kh2 Nf1+ 27. Kh1
1/2-1/2

[Event "Col Ch "]
[Site "Ibague "]
[Date "2013.07.02"]
[Round "3.21"]
[White "Zapata Arbelaez, Estiven"]
[Black "Munoz, Jhon Edison"]
[Result "0-1"]
[WhiteElo "2001"]
[BlackElo "2214"]
[PlyCount "80"]
[EventDate "2013.07.01"]
[EventType "swiss"]
[EventRounds "11"]
[EventCountry "COL"]
[SourceDate "2005.09.12"]

1. d4 Nf6 2. c4 c5 3. d5 e6 4. Nc3 exd5 5. cxd5 d6 6. e4 g6 7. Bd3 Bg7 8. Nf3
O-O 9. O-O Bg4 10. h3 Bxf3 11. Qxf3 a6 12. a4 Nbd7 13. Bf4 Ne8 14. Rae1 Ne5 15.
Qg3 Qb6 16. Bc1 Nf6 17. Kh1 Qb3 18. Be2 Nfd7 19. f4 Nc4 20. Bxc4 Qxc4 21. e5
dxe5 22. fxe5 Nxe5 23. Bg5 f5 24. Rf4 Qb3 25. Rh4 Nf7 26. Be7 Qxb2 27. Nd1 Qd2
28. Bxf8 Rxf8 29. Rf1 b5 30. axb5 axb5 31. Ne3 Re8 32. Nxf5 gxf5 33. Rh5 f4 34.
Qh4 h6 35. Rf5 Ng5 36. R5xf4 Qxd5 37. Qh5 Qe6 38. h4 Ne4 39. Qg4 Qxg4 40. Rxg4
h5 0-1

[Event "Col Ch "]
[Site "Ibague "]
[Date "2013.07.02"]
[Round "3.22"]
[White "Blandon, Luis Guillermo"]
[Black "Saladen, Rafael"]
[Result "1/2-1/2"]
[WhiteElo "1993"]
[BlackElo "2207"]
[PlyCount "88"]
[EventDate "2013.07.01"]
[EventType "swiss"]
[EventRounds "11"]
[EventCountry "COL"]
[SourceDate "2005.09.12"]

1. e4 c5 2. Nf3 d6 3. d4 cxd4 4. Nxd4 Nf6 5. Nc3 a6 6. f3 Nc6 7. Be3 d5 8. exd5
Nb4 9. Bc4 Nbxd5 10. Nxd5 Nxd5 11. Bf2 e6 12. O-O Be7 13. Nf5 Nb6 14. Qxd8+
Bxd8 15. Nd6+ Ke7 16. Bc5 Nxc4 17. Nxc4+ Kf6 18. Bd4+ Ke7 19. Bxg7 Rg8 20. Bd4
Bd7 21. Ne5 Rc8 22. c4 Be8 23. b3 f6 24. Ng4 e5 25. Bf2 Bc6 26. Kh1 Ke6 27. Ne3
b5 28. Rac1 Be7 29. Rfd1 Bc5 30. Rd2 f5 31. cxb5 Bxb5 32. Nc4 Be7 33. Re2 Bf6
34. Bd4 Rgd8 35. Bxe5 Bxc4 36. bxc4 Bxe5 37. Rce1 Rxc4 38. Rxe5+ Kf6 39. Re6+
Kg5 40. Rxa6 Rd2 41. Ra7 Rcc2 42. Rxh7 Rxa2 43. h4+ Kf4 44. Rg7 Rxg2 1/2-1/2

[Event "Col Ch "]
[Site "Ibague "]
[Date "2013.07.02"]
[Round "3.23"]
[White "Valdeblanquez, Jeiner Jair"]
[Black "Gutierrez, Ramon"]
[Result "0-1"]
[WhiteElo "1765"]
[BlackElo "2207"]
[PlyCount "94"]
[EventDate "2013.07.01"]
[EventType "swiss"]
[EventRounds "11"]
[EventCountry "COL"]
[SourceDate "2005.09.12"]

1. d4 d5 2. Nc3 Nf6 3. Bg5 e6 4. e4 dxe4 5. Nxe4 Be7 6. Bxf6 Bxf6 7. Nf3 Be7 8.
Bd3 Nd7 9. Qe2 Nf6 10. O-O-O Nd5 11. g3 c6 12. c3 Qa5 13. Kb1 f6 14. Nfd2 O-O
15. Nb3 Qc7 16. Nec5 e5 17. Rhe1 Bd6 18. a3 b6 19. Na4 Be6 20. c4 Ne7 21. Nc3
Bf7 22. Ne4 Ng6 23. Nxd6 Qxd6 24. dxe5 Qxe5 25. Qc2 Qh5 26. f4 Rad8 27. Rd2 c5
28. Red1 Rde8 29. Be4 Nxf4 30. Bxh7+ Qxh7 31. Qxh7+ Kxh7 32. gxf4 Bxc4 33. Nc1
Re4 34. Rd7 Rf7 35. f5 Ree7 36. Rd8 Bb5 37. a4 Bd7 38. Rf1 Re5 39. Na2 Rxf5 40.
Rg1 Bxa4 41. Rg4 Rf1+ 42. Nc1 Bb3 43. Rd3 c4 44. Rh4+ Kg6 45. Rg3+ Kf5 46. Rh5+
g5 47. h4 Rd7 0-1

[Event "Col Ch "]
[Site "Ibague "]
[Date "2013.07.02"]
[Round "3.24"]
[White "Sanchez, Sebastian Felipe"]
[Black "Sosa Florez, Juan Sebastian"]
[Result "1-0"]
[WhiteElo "2328"]
[BlackElo "1671"]
[PlyCount "69"]
[EventDate "2013.07.01"]
[EventType "swiss"]
[EventRounds "11"]
[EventCountry "COL"]
[SourceDate "2005.09.12"]

1. e4 c5 2. Nf3 Nc6 3. d4 cxd4 4. Nxd4 e5 5. Nb5 d6 6. c4 a6 7. N5c3 Nge7 8.
Bd3 g6 9. Bg5 Bg7 10. Nd5 O-O 11. Nbc3 Be6 12. h4 f6 13. Be3 Bxd5 14. cxd5 Nd4
15. Qd2 f5 16. f3 f4 17. Bxd4 exd4 18. Ne2 Be5 19. O-O-O Rc8+ 20. Kb1 Qb6 21.
g3 fxg3 22. f4 Bg7 23. Nxg3 Rc7 24. h5 Rfc8 25. hxg6 Nxg6 26. Nh5 a5 27. Rdg1
a4 28. f5 Ne5 29. f6 Nf3 30. Qf4 Nxg1 31. Rxg1 a3 32. b3 Qc5 33. fxg7 Qc3 34.
Nf6+ Kf7 35. Nd7+ 1-0

[Event "Col Ch "]
[Site "Ibague "]
[Date "2013.07.02"]
[Round "3.25"]
[White "Zapata Cuartas, Juan Carlos"]
[Black "Chavarro, Hugo"]
[Result "1/2-1/2"]
[WhiteElo "2089"]
[BlackElo "2296"]
[PlyCount "83"]
[EventDate "2013.07.01"]
[EventType "swiss"]
[EventRounds "11"]
[EventCountry "COL"]
[SourceDate "2005.09.12"]

1. d4 Nf6 2. c4 c5 3. d5 e5 4. Nc3 d6 5. e4 Be7 6. Nf3 O-O 7. Be2 Ne8 8. O-O
Nd7 9. Be3 g6 10. Nd2 Bg5 11. Bxg5 Qxg5 12. Nf3 Qh6 13. Qd2 Qxd2 14. Nxd2 a6
15. a3 Nc7 16. b4 f5 17. Nb3 b6 18. f3 a5 19. bxa5 bxa5 20. Na4 Ne8 21. Rab1
Nef6 22. Nd2 Ba6 23. Rb2 Rfb8 24. Rfb1 Rxb2 25. Rxb2 Kf7 26. Kf2 Ke7 27. Ke3
f4+ 28. Kd3 Kd8 29. Nb1 Kc7 30. Nbc3 Rb8 31. Rxb8 Kxb8 32. Nb1 Ka7 33. Nd2 Nb6
34. Nb2 Bc8 35. Bd1 Bd7 36. Nb1 Ne8 37. Nc3 Nc7 38. Ba4 Nxa4 39. Nbxa4 Ka6 40.
Nb2 Ne8 41. a4 Kb6 42. Nb5 1/2-1/2